Mononymous Musicians - Statistics

General Stats
  • This quiz has been taken 1,139 times
  • The average score is 17 of 25
Answer Stats
Real name Notable songs Answer % Correct
_____ Adkins "Hello", "Skyfall", "Set Fire to the Rain" Adele
93%
Marshall Bruce Mathers III "Lose Yourself", "Sing for the Moment", "Without Me" Eminem
93%
______ Rogers Nelson "When Doves Cry", "Purple Rain", "Little Red Corvette" Prince
92%
Robyn _______ Fenty "Umbrella", "Rude Boy", "Diamonds" Rihanna
91%
_______ Ciccone "Hung Up", "Vogue", "La Isla Bonita" Madonna
87%
Cheryl Sarkisian "Believe", "If I Could Turn Back Time", "Half-Breed" Cher
85%
Stacey Ferguson "My Humps", "London Bridge", "Clumsy" Fergie
83%
Gordon Sumner "Every Breath You Take", "Englishman in New York", "Message in a Bottle" Sting
82%
Paul Hewson "Beautiful Day", "Sunday Bloody Sunday", "Do They Know It's Christmas?" Bono
74%
Aubrey ____ Graham "Hotline Bling", "One Dance", "God's Plan" Drake
73%
_____ Sebert "Tik Tok", "Timber", "Right Round" Ke$ha
73%
Ella Yelich-O'Connor "Royals", "Ribs", "Everybody Wants to Rule the World" Lorde
72%
____ Henry Olusegun Olumide Adeola Samuel "Crazy", "Kiss From a Rose", "Killer" Seal
72%
_______ Isabel Mebarak Ripoll "Can't Remember to Forget You", "Whenever, Wherever", "She Wolf" Shakira
71%
Alecia Beth Moore Hart "U + Ur Hand", "So What", "Just Give Me a Reason" P!nk
65%
___ Furler "The Greatest", "Unstoppable", "Titanium" Sia
62%
Orville Richard Burrell "Boombastic", "It Wasn't Me", "Hey Sexy Lady" Shaggy
61%
Armando Christian Pérez "Timber", "International Love", "On The Floor" Pitbull
60%
Saul Hudson "Sweet Child O' Mine", "Welcome to the Jungle", "Paradise City" Slash
60%
Eithne Pádraigín Ní Bhraonáin "Orinoco Flow", "May It Be", "Caribbean Blue" Enya
51%
_____ Guðmundsdóttir "Army of Me", "Human Behaviour", "Hyperballad" Björk
50%
_____ Raymond IV "Nice & Slow", "OMG", "U Remind Me" Usher
47%
Michael Penniman Jr. "Happy Ending", "Grace Kelly", "Lollipop" Mika
37%
____ DiMucci "The Wanderer", "Only You Know", "Runaround Sue" Dion
21%
Michael Wayne Atha "Twisted", "Best Friend", "Whiskey in a Bottle" Yelawolf
3%
No matching quizzes found
Score Distribution
Percent of People with Each Score
Percentile by Number Answered
Your Score History
You have not taken this quiz